Normal view
MARC view
- Abdullah, Syed
Entry Personal Name
001 - CONTROL NUMBER
- control field: 18910
003 - CONTROL NUMBER IDENTIFIER
- control field: NUST
005 - DATE AND TIME OF LATEST TRANSACTION
- control field: 20190731055703.0
008 - FIXED-LENGTH DATA ELEMENTS
- fixed length control field: 190731|| aca||aabn | a|a d
040 ## - CATALOGING SOURCE
- Original cataloging agency: NUST
- Transcribing agency: NUST
100 ## - HEADING--PERSONAL NAME
- Personal name: Abdullah, Syed
670 ## - SOURCE DATA FOUND
- Source citation: Work cat.: (NUST): Abdullah, Syed, Adbiyat-e-Farsi Mein Hindu K Hissa /, 1967.
